The little red hen
| Other Authors: | |
|---|---|
| Format: | Book |
| Published: |
London,England :
Usborne Publishing Ltd ,
21cm
|
| Subjects: |
MARC
| LEADER | 00000cam a2200000 7i4500 | ||
|---|---|---|---|
| 001 | 0000242597 | ||
| 005 | 20210319111522.0 | ||
| 020 | |a 9781474953481 | ||
| 090 | |a JF |b LIT | ||
| 245 | 0 | 0 | |a The little red hen |c Illustrated by Valentina Fontana |
| 260 | |a London,England : |b Usborne Publishing Ltd , |c 21cm | ||
| 300 | |a 46p. : |b ill. ; |c 21cm. | ||
| 650 | 0 | |a Children's stories | |
| 700 | 1 | |a Fontana, Valentina | |
| 999 | |a 00380840 |b BUKU |c PINJAMAN |e MOBILE LIBRARY PKPJ | ||